Energy Harvesters and Self-powered Sensors for Smart Electronics (Record no. 11060)

MARC details
000 -LEADER
fixed length control field 01092nam a2200133Ia 4500
008 - FIXED-LENGTH DATA ELEMENTS--GENERAL INFORMATION
fixed length control field 220615s9999||||xx |||||||||||||| ||und||
020 ## - INTERNATIONAL STANDARD BOOK NUMBER
International Standard Book Number 9783040000000
245 #0 - TITLE STATEMENT
Title Energy Harvesters and Self-powered Sensors for Smart Electronics
546 ## - LANGUAGE NOTE
Language note English[eng]
650 ## - SUBJECT ADDED ENTRY--TOPICAL TERM
Topical term or geographic name entry element energy harvesting||vibration||broadband||resonant frequency||piezoelectric vibration energy harvester||low frequency||wideband||modeling||energy harvester||temperature threshold||piezoelectricity||vibrational cantilever||bimetallic effect||piezoelectric||optimization||pattern search||FEM||PZT||electromagnetic||hybrid energy harvester||power density improvement||piezoelectric energy harvester||tandem||vortex-induced vibration||flowing water||vibration energy harvesting||electromagnetic generator (EMG)||nonlinear||magnetic coupling||high performance||diamagnetically stabilized levitation||Taguchi method||stable levitation||maximum gap||electromagnetic energy harvester||human body kinetic energy||n/a
700 ## - ADDED ENTRY--PERSONAL NAME
Personal name Shi, Qiongfeng||Liu, Huicong
856 ## - ELECTRONIC LOCATION AND ACCESS
Uniform Resource Identifier <a href="https://mdpi.com/books/pdfview/book/4763">https://mdpi.com/books/pdfview/book/4763</a>
942 ## - ADDED ENTRY ELEMENTS (KOHA)
Koha item type E-Books
Holdings
Withdrawn status Lost status Damaged status Not for loan Home library Current library Date acquired Total Checkouts Date last seen Price effective from Koha item type
        Kerala University of Digital Sciences, Innovation and Technology Knowledge Centre Kerala University of Digital Sciences, Innovation and Technology Knowledge Centre 15/06/2022   15/06/2022 15/06/2022 E-Books